BIBLIOTHÈQUE DE LA MAISON DU MEXIQUE

Logo 1 Logo 2

En el nombre del padre (notice nᵒ 377)

détails MARC
000 -Sello discográfico
campo de control de longitud fija 01128nam a2200313 4500
005 - Identificación de versión
campo de control 20260511140753.0
010 ## - Número Estándar Internacional de Libros (ISBN)
Número (ISBN) 968-6332-37-5
035 ## - Otros números de control del sistema
Número de control del sistema 19598
099 ## - fechas locales
Tipo de ítem Koha LIBRO
100 ## - Datos de procesamiento general
Datos de procesamiento general 19940922d1993 m y1spay5003 ba
101 ## - Idioma del recurso
Idioma del texto, banda sonora, etc. Español; Castellano
-- Inglés
105 ## - Campo de datos codificados: Material textual, monográfico
Datos codificados de monografía a 001zy
200 1# - Título y mención de responsabilidad
Título propio En el nombre del padre
Designación general del material texto impreso
Primer mención de responsabilidad Fotografía Graciela Iturbide
Declaración de responsabilidad subsiguiente texto Osvaldo Sánchez
205 ## - Declaración de edición
Declaración de edición Edición bilingüe español-inglés
210 ## - Publicación, distribución, etc.
Lugar de publicación, distribución, etc. México
Nombre del editor, distribuidor, etc. Ediciones Toledo
Fecha de publicación, distribución, etc. 1993
215 ## - Descripción física
Designación de material específico y extensión del ítem 69 p
Otras características físicas il., fot.
Dimensiones 23 cm
345 ## - Nota de información de adquisición
Fuente de adquisición/dirección de la suscripción [OBSOLETO] Donación de Francisco Toledo
606 ## - Término temático usado como materia
Elemento de entrada Cabras
Subdivisión temática Aspectos religiosos
-- Trabajos pictóricos
Número Koha 1153
606 ## - Término temático usado como materia
Elemento de entrada Indios de Oaxaca
Subdivisión temática Ritos y ceremonias
-- Trabajos pictóricos
Número Koha 1154
606 ## - Término temático usado como materia
Elemento de entrada Mixtecos (Indios)
Subdivisión temática Ritos y ceremonias
-- Trabajos pictóricos
Número Koha 1155
606 ## - Término temático usado como materia
Elemento de entrada Sacrificios
Subdivisión temática Trabajos pictóricos
Subdivisión geográfica Oaxaca (México)
Número Koha 1156
660 ## - Código de área geográfica
Código MX
702 ## - Nombre personal - Responsabilidad secundaria
Elemento de entrada Iturbide
Parte del nombre distinta del elemento de entrada Graciela
Fechas 1942-
Número Koha 1157
702 ## - Nombre personal - Responsabilidad secundaria
Elemento de entrada Sánchez
Parte del nombre distinta del elemento de entrada Osvaldo
Número Koha 1158
801 #0 - Fuente de origen
País FR
Agencia cm
Reglas de catalogación (convenciones descriptivas) AFNOR
942 ## - ELEMENTOS DE ENTRADA SECUNDARIOS (KOHA)
Tipo de ítem Koha Livre
Exemplaires
Estatus retirado Estado de daño Estado de pérdida Fecha de adquisición Biblioteca de origen Biblioteca actual Ubicación en estantería Código de barras Precio de reemplazo Signatura topográfica completa No para préstamo Tipo de ítem Koha Nota pública Nota no pública
      05/08/2025 Casa México Paris Casa México Paris   005130 05/08/2025 972.017 IT91E   Livre 20210712LIV 751145101